The Interpersonal Communication Book (Record no. 3812)

MARC details
005 - DATE AND TIME OF LATEST TRANSACTION
control field 20250612074608.0
020 ## - INTERNATIONAL STANDARD BOOK NUMBER
International Standard Book Number 978-1-292-43955-6
082 ## - DEWEY DECIMAL CLASSIFICATION NUMBER
Classification number 658.45 DEV
100 ## - MAIN ENTRY--PERSONAL NAME
Author name DEVITO, J. A.
245 ## - TITLE STATEMENT
Title The Interpersonal Communication Book
250 ## - EDITION STATEMENT
Edition statement 16th Ed.
260 ## - PUBLICATION, DISTRIBUTION, ETC.
Place of publication, distribution, etc. London,
Name of publisher, distributor, etc. Pearson,
Date of publication, distribution, etc. 2022.
300 ## - PHYSICAL DESCRIPTION
Extent 430p.: ill.; figure, picture, table.
Other physical details Glossary, index, references.
Dimensions 28cm.
856 ## - ELECTRONIC LOCATION AND ACCESS
Link text Access online book
Electronic name The Interpersonal Communication Book
Path https://support.pearson.com
942 ## - ADDED ENTRY ELEMENTS (KOHA)
Source of classification or shelving scheme Dewey Decimal Classification
Koha item type Books
Holdings
Date last seen Total checkouts Full call number Barcode Cost, replacement price Price effective from Koha item type Lost status Source of classification or shelving scheme Damaged status Not for loan Withdrawn status Home library Current library Shelving location Date acquired Cost, normal purchase price
06/12/2025   658.45 DEV 00000012394 431800.56 06/12/2025 Books   Dewey Decimal Classification       College of Business Education Main Library College of Business Education Main Library General Collection 09/17/2024 143933.52
06/12/2025   658.45 DEV 00000012395 431800.56 06/12/2025 Books   Dewey Decimal Classification       College of Business Education Main Library College of Business Education Main Library General Collection 09/17/2024 143933.52
06/12/2025   658.45 DEV 00000012396 431800.56 06/12/2025 Books   Dewey Decimal Classification       College of Business Education Main Library College of Business Education Main Library General Collection 09/17/2024 143933.52
06/12/2025   658.45 DEV 00000012397 431800.56 06/12/2025 Books   Dewey Decimal Classification       College of Business Education Main Library College of Business Education Main Library General Collection 09/17/2024 143933.52